000
00222nam a2200097Ia 4500
008
240331s9999 xx 000 0 und d
082
_b
NAR
100
_a
Narayanan, A
245
0
_a
Cinemavukku pona Ilakiyavadhikal
942
_c
L
999
_c
3692
_d
3692